[Event "Oslo op-B"]
[Site "Oslo"]
[Date "2014.09.28"]
[Round "1"]
[White "Fredriksen, Jan Gunnar"]
[Black "Warstad, Leif Edvin"]
[Result "1-0"]
[WhiteElo "1977"]
[BlackElo "1605"]
[PlyCount "67"]
[EventDate "2014.09.28"]
[EventType "swiss"]
[EventRounds "9"]
[EventCountry "NOR"]
[SourceTitle "EXT 2017"]
[Source "ChessBase"]
[SourceDate "2016.10.25"]
[SourceVersion "1"]
[SourceVersionDate "2016.10.25"]
[SourceQuality "1"]

1. e4 c5 2. Nf3 Nc6 3. d4 cxd4 4. c3 dxc3 5. Nxc3 d6 6. Bc4 e6 7. 0-0 Be7 8. Bf4 Nf6 9. Qe2 0-0 10. Rfd1 Nh5 11. Be3 a6 12. a4 Qc7 13. Ne1 Nf6 14. h3 Rd8 15. f4 Bf8 16. Qf2 Qe7 17. Bb3 Bd7 18. Bb6 Rdc8 19. g4 g6 20. Rd2 Qe8 21. Rad1 Nb4 22. Qd4 d5 23. e5 Nc6 24. Qf2 Nxg4 25. hxg4 Ne7 26. Ne4 dxe4 27. Rxd7 Nd5 28. R7xd5 exd5 29. Rxd5 Qc6 30. a5 Bb4 31. Nc2 Be7 32. Qd4 Kg7 33. Qxe4 Bh4 34. Qd3 1-0

[Event "NOR-chT Clubs"]
[Site "Drammen"]
[Date "2010.10.09"]
[Round "3.8"]
[White "Guddahl, Viggo"]
[Black "Fredriksen, Jan Gunnar"]
[Result "1-0"]
[WhiteElo "1966"]
[BlackElo "1746"]
[PlyCount "117"]
[EventDate "2010.10.08"]
[EventType "team"]
[EventRounds "6"]
[EventCountry "NOR"]
[SourceTitle "EXT 2015"]
[Source "ChessBase"]
[SourceDate "2014.11.20"]
[SourceVersion "1"]
[SourceVersionDate "2014.11.20"]
[SourceQuality "1"]
[WhiteTeam "OSS II"]
[BlackTeam "Akademisk"]
[WhiteTeamCountry "NOR"]
[BlackTeamCountry "NOR"]

1. Nf3 Nf6 2. g3 g6 3. Bg2 Bg7 4. 0-0 0-0 5. c4 c5 6. Nc3 Nc6 7. e3 d6 8. d4 cxd4 9. exd4 Bg4 10. h3 Bf5 11. Re1 h5 12. d5 Nb8 13. Nh4 Bc8 14. Qe2 Re8 15. Be3 Nbd7 16. Rad1 b6 17. f4 Nf8 18. Rf1 N6h7 19. Ne4 f5 20. Nc3 Bd7 21. Bd4 Nf6 22. Nf3 Rc8 23. Ng5 Qc7 24. b3 e5 25. dxe6 Bxe6 26. Qd2 Rcd8 27. Nd5 Bxd5 28. Bxf6 Qc5+ 29. Bd4 Bxd4+ 30. Qxd4 Qxd4+ 31. Rxd4 Bxg2 32. Kxg2 Ne6 33. Nxe6 Rxe6 34. Kf2 Kf7 35. Rfd1 Ke7 36. R1d3 Rc8 37. Re3 Rxe3 38. Kxe3 Kd7 39. Rd5 Re8+ 40. Kf2 Kc6 41. Rd2 a5 42. g4 hxg4 43. hxg4 Rf8 44. Kg3 Kd7 45. Kh4 fxg4 46. Kxg4 Rf5 47. Rd5 Rxd5 48. cxd5 Ke7 49. Kg5 Kf7 50. f5 gxf5 51. Kxf5 b5 52. a3 Ke7 53. Kg6 Ke8 54. Kf6 Kd7 55. Kf7 Kd8 56. Ke6 Kc7 57. Ke7 a4 58. b4 Kc8 59. Kxd6 1-0

[Event "Aslo ASKO CC-ch Group-A"]
[Site "Oslo"]
[Date "2006.02.21"]
[Round "2"]
[White "Fredriksen, Jan Gunnar"]
[Black "Skrondal, Inge Sandstad"]
[Result "0-1"]
[WhiteElo "1824"]
[BlackElo "1987"]
[PlyCount "66"]
[EventDate "2006.02.07"]
[EventType "tourn"]
[EventRounds "9"]
[EventCountry "NOR"]
[SourceTitle "EXT 2008"]
[Source "ChessBase"]
[SourceDate "2007.11.25"]
[SourceVersion "1"]
[SourceVersionDate "2007.11.25"]
[SourceQuality "1"]

1. b4 c5 2. bxc5 e5 3. c3 Bxc5 4. d4 exd4 5. cxd4 Be7 6. Nf3 Nf6 7. e3 0-0 8. Bd3 Nc6 9. a3 d5 10. 0-0 Be6 11. Nbd2 Rc8 12. Bb2 Na5 13. Ne5 Nc4 14. Ra2 b5 15. Qe2 a6 16. Nb1 Qb6 17. h3 Nd7 18. f4 f5 19. Nc3 Ndxe5 20. fxe5 Qa5 21. Bxc4 Rxc4 22. Qd3 Rfc8 23. Ne2 g5 24. Raa1 Rc2 25. Bc1 Kh8 26. Ng3 Qc3 27. Qxc3 R8xc3 28. Re1 Kg7 29. Ne2 Rd3 30. Kf1 Kf7 31. Ng1 h5 32. Re2 Rd1+ 33. Kf2 Rcxc1 0-1

[Event "Oslo ASKO Hostturnering"]
[Site "Oslo"]
[Date "2005.10.13"]
[Round "3"]
[White "Fredriksen, Jan Gunnar"]
[Black "Hole, Oystein"]
[Result "0-1"]
[WhiteElo "1824"]
[BlackElo "2319"]
[PlyCount "74"]
[EventDate "2005.09.06"]
[EventType "swiss"]
[EventRounds "7"]
[EventCountry "NOR"]
[SourceTitle "EXT 2009"]
[Source "ChessBase"]
[SourceDate "2008.11.26"]
[SourceVersion "1"]
[SourceVersionDate "2008.11.26"]
[SourceQuality "1"]

1. b3 d5 2. Bb2 Bf5 3. d3 Nf6 4. g3 e6 5. Bg2 Be7 6. Nd2 h6 7. e4 Bh7 8. Ne2 0-0 9. 0-0 c5 10. e5 Nfd7 11. f4 Nc6 12. Kh1 b5 13. a4 a6 14. axb5 axb5 15. Nf3 Qb6 16. Qd2 c4 17. Bd4 Nxd4 18. Nfxd4 cxd3 19. cxd3 b4 20. h4 Ra3 21. Rac1 Bc5 22. Qe3 Rxb3 23. f5 Bxf5 24. Rxf5 exf5 25. Bxd5 Rb2 26. Qf4 Rxe2 27. Nxe2 Be3 28. Qxf5 Bxc1 29. Qxd7 Be3 30. Bb3 Qa6 31. Kg2 Qa7 32. Qxa7 Bxa7 33. Kf3 Ra8 34. Ke4 Bf2 35. Kd5 Ra1 36. Kc4 Re1 37. Nd4 Rxe5 0-1

[Event "Oslo-ch"]
[Site "Oslo"]
[Date "2004.02.17"]
[Round "2"]
[White "Revil, Bjorn"]
[Black "Fredriksen, Jan Gunnar"]
[Result "1/2-1/2"]
[WhiteElo "1880"]
[BlackElo "1747"]
[PlyCount "114"]
[EventDate "2004.02.10"]
[EventType "swiss"]
[EventRounds "9"]
[EventCountry "NOR"]
[SourceTitle "EXT 2007"]
[Source "ChessBase"]
[SourceDate "2006.11.23"]
[SourceVersion "1"]
[SourceVersionDate "2006.11.23"]
[SourceQuality "1"]

1. d4 d5 2. Nf3 Nf6 3. c4 e6 4. Bg5 Be7 5. e3 0-0 6. Nc3 Nbd7 7. Qc2 c6 8. cxd5 exd5 9. Bd3 h6 10. Bf4 Re8 11. h3 Nf8 12. Ne5 Bd6 13. Bh2 Qc7 14. Rc1 a6 15. 0-0 Bd7 16. Na4 Re7 17. Nc5 Rae8 18. f4 Bc8 19. Kh1 N6d7 20. Nb3 f6 21. Nxd7 Bxd7 22. Bg1 Rxe3 23. Bxe3 Rxe3 24. f5 Bc8 25. Rce1 Qe7 26. Qf2 Rxe1 27. Rxe1 Qf7 28. Nc5 Bb8 29. g4 Bd6 30. Re2 b6 31. Nb3 Qd7 32. Qe3 Kf7 33. Nd2 Bb7 34. Nf3 Ba8 35. Kg1 Bb7 36. h4 c5 37. a3 cxd4 38. Nxd4 Qa4 39. b4 Qd1+ 40. Kg2 Be5 41. Nf3 d4 42. Qd2 Bxf3+ 43. Kxf3 Qh1+ 44. Rg2 Qxh4 45. Qa2+ Ke7 46. Bxa6 h5 47. Qf2 hxg4+ 48. Ke2 Qh3 49. Bd3 Nh7 50. a4 Ng5 51. a5 bxa5 52. bxa5 g3 53. Qf1 Qh5+ 54. Kd2 Nf3+ 55. Kc2 Nh4 56. Qe1 Nxg2 57. Qb4+ Kd8 1/2-1/2

[Event "NOR-chB op"]
[Site "Asker"]
[Date "2003.05.31"]
[Round "4"]
[White "Fredriksen, Jan Gunnar"]
[Black "Kirkebo, Carl Peter"]
[Result "1/2-1/2"]
[WhiteElo "1763"]
[BlackElo "2051"]
[PlyCount "120"]
[EventDate "2003.05.??"]
[EventType "swiss"]
[EventRounds "5"]
[EventCountry "NOR"]
[SourceTitle "EXT 2005"]
[Source "ChessBase"]
[SourceDate "2004.11.15"]
[SourceVersion "1"]
[SourceVersionDate "2004.11.15"]
[SourceQuality "1"]

1. Nc3 c5 2. e4 Nc6 3. g3 g6 4. Bg2 Bg7 5. Nge2 Rb8 6. a4 e6 7. 0-0 Nge7 8. d3 0-0 9. Kh1 a6 10. Be3 Nd4 11. Qc1 b5 12. axb5 axb5 13. Ng1 Nec6 14. Nce2 b4 15. Nxd4 Nxd4 16. Rb1 Ba6 17. Qd2 d6 18. Nf3 Nxf3 19. Bxf3 f5 20. Bg2 fxe4 21. Bxe4 d5 22. Bg2 d4 23. Bg5 Qd7 24. b3 Bb7 25. Bh6 Bxg2+ 26. Kxg2 Qd5+ 27. Kg1 Rf3 28. Bxg7 Kxg7 29. Rbe1 Rbf8 30. Qe2 R8f6 31. Qe4 Qg5 32. Re2 R3f4 33. Qb7+ Kh6 34. Qg2 Qg4 35. Re5 R4f5 36. Re4 Qf3 37. Qxf3 Rxf3 38. Re2 R3f5 39. Ra1 Kg5 40. Ra6 e5 41. h4+ Kg4 42. Rxf6 Rxf6 43. Rxe5 Kf3 44. Rxc5 Ra6 45. Rc4 Ra1+ 46. Kh2 Rf1 47. Rxd4 Rxf2+ 48. Kh3 Rxc2 49. Rxb4 Rc3 50. Rf4+ Ke3 51. Kg4 Rxb3 52. Rf7 Rb4+ 53. Kg5 Rb5+ 54. Kh6 Rh5+ 55. Kg7 Kxd3 56. Kg8 Ke4 57. Rxh7 Kf3 58. Kg7 Rxh7+ 59. Kxh7 Kxg3 60. Kxg6 Kxh4 1/2-1/2

[Event "ASKOs Hostturnering"]
[Site "Blindern"]
[Date "2003.??.??"]
[Round "?"]
[White "Fredriksen, Jan Gunnar"]
[Black "Erikstad, Olav Age"]
[Result "1-0"]
[WhiteElo "1783"]
[BlackElo "1506"]
[PlyCount "105"]
[EventDate "2003.??.??"]
[EventType "swiss"]
[EventRounds "7"]
[EventCountry "NOR"]
[SourceTitle "EXT 2006"]
[Source "ChessBase"]
[SourceDate "2005.11.24"]
[SourceVersion "1"]
[SourceVersionDate "2005.11.24"]
[SourceQuality "1"]

1. g4 c6 2. Bg2 d5 3. c4 dxc4 4. h3 e5 5. a4 Be6 6. Qc2 Bc5 7. Na3 h5 8. Nxc4 Qd4 9. Ne3 hxg4 10. a5 Na6 11. Ra4 Nb4 12. Rxb4 Qxb4 13. a6 Ne7 14. axb7 Rb8 15. hxg4 Rxh1 16. Bxh1 g6 17. Be4 Bb3 18. Qd3 Rd8 19. Qc3 Qxc3 20. bxc3 Rb8 21. Nf3 Rxb7 22. Nxe5 Ba4 23. d4 Bd6 24. N5c4 Bc7 25. Ba3 Kd7 26. g5 Nd5 27. Nxd5 cxd5 28. Bxd5 Rb1+ 29. Kd2 Bf4+ 30. e3 Bxg5 31. Bxf7 Bh4 32. Bxg6 Bxf2 33. Bxb1 Ke6 34. Ne5 Bb3 35. Bb4 Bg3 36. Nc6 a6 37. Bd3 Kd5 38. Na5 Ba4 39. Bxa6 Ke4 40. Bb7+ Kf5 41. Bc6 Bxc6 42. Nxc6 Ke4 43. Ke2 Bh4 44. Be7 Bg3 45. c4 Bh2 46. Bg5 Bg3 47. Nb4 Bd6 48. c5 Bf8 49. c6 Bd6 50. Bf4 Bb8 51. Bxb8 Kf5 52. c7 Ke4 53. Nd3 1-0

[Event "ASKOs Hostturnering"]
[Site "Blindern"]
[Date "2003.??.??"]
[Round "?"]
[White "Fredriksen, Jan Gunnar"]
[Black "Olsen, Andrei"]
[Result "1-0"]
[WhiteElo "1783"]
[BlackElo "1279"]
[PlyCount "37"]
[EventDate "2003.??.??"]
[EventType "swiss"]
[EventRounds "7"]
[EventCountry "NOR"]
[SourceTitle "EXT 2006"]
[Source "ChessBase"]
[SourceDate "2005.11.24"]
[SourceVersion "1"]
[SourceVersionDate "2005.11.24"]
[SourceQuality "1"]

1. b3 e5 2. Bb2 d6 3. e3 Be6 4. Nf3 f5 5. d4 e4 6. d5 Bf7 7. Nd4 Nf6 8. Nxf5 g6 9. Ng3 Qe7 10. c4 Rg8 11. Nd2 Nxd5 12. Ndxe4 Nb6 13. Nf6+ Kd8 14. Nxg8 Bxg8 15. c5 Nd5 16. Bc4 c6 17. 0-0 Nxe3 18. fxe3 Qxe3+ 19. Kh1 1-0